[Event "Barcelona Sant Marti op 11th"]
[Site "Barcelona"]
[Date "2024.02.22"]
[Round "7"]
[White "Bieg Pagel, Clemens"]
[Black "Segador Sanchez, Didac"]
[Result "1-0"]
[WhiteElo "1700"]
[BlackElo "1379"]
[PlyCount "43"]
[EventDate "2024.01.11"]
[EventType "swiss"]
[EventRounds "9"]
[EventCountry "ESP"]
[SourceTitle "CB11_2024"]
[SourceDate "2024.03.13"]
[SourceVersion "1"]
[SourceVersionDate "2024.03.13"]
[SourceQuality "1"]

1. e4 c5 2. Nc3 g6 3. d4 cxd4 4. Qxd4 Nf6 5. Be3 Bg7 6. Qd2 Nc6 7. 0-0-0 a6 8. f3 b5 9. Bh6 0-0 10. h4 d6 11. h5 Bxh6 12. Qxh6 Nxh5 13. Nd5 e6 14. Rxh5 gxh5 15. Nf6+ Qxf6 16. Qxf6 Rd8 17. Nh3 Bb7 18. Nf4 Ne5 19. Nxh5 Kf8 20. f4 Nd7 21. Qg7+ Ke8 22. f5 1-0

[Event "Barcelona Sant Marti op 11th"]
[Site "Barcelona"]
[Date "2024.02.01"]
[Round "4"]
[White "Segador Sanchez, Didac"]
[Black "Nesdale, Michael Joseph"]
[Result "1-0"]
[WhiteElo "1379"]
[BlackElo "1240"]
[PlyCount "79"]
[EventDate "2024.01.11"]
[EventType "swiss"]
[EventRounds "9"]
[EventCountry "ESP"]
[SourceTitle "CB11_2024"]
[SourceDate "2024.03.13"]
[SourceVersion "1"]
[SourceVersionDate "2024.03.13"]
[SourceQuality "1"]

1. d4 d5 2. Bf4 Bf5 3. e3 Nf6 4. c4 c6 5. Qb3 b6 6. Nc3 e6 7. Nf3 Nh5 8. Be5 f6 9. Bxb8 Qxb8 10. h3 Bd6 11. g4 Be4 12. Nxe4 dxe4 13. Nd2 Nf4 14. exf4 Bxf4 15. Nxe4 0-0 16. Bg2 Qd8 17. Rd1 Kh8 18. 0-0 Rb8 19. Ng3 f5 20. gxf5 exf5 21. Bxc6 Qh4 22. Bg2 Rf6 23. d5 Bd6 24. Qd3 Rbf8 25. Rde1 Qg5 26. Re6 Qg6 27. Rxf6 Rxf6 28. Re1 Qf7 29. Qe2 g6 30. Qe8+ Qxe8 31. Rxe8+ Bf8 32. Ne2 Kg7 33. a3 f4 34. Bf3 Kf7 35. Ra8 a5 36. Nd4 Bc5 37. Ra7+ Kg8 38. Ne6 Bf8 39. Ra8 Kf7 40. Rxf8+ 1-0

[Event "Barcelona Sant Marti op 11th"]
[Site "Barcelona"]
[Date "2024.01.11"]
[Round "1"]
[White "Fernandez Pisonero, Daniel"]
[Black "Segador Sanchez, Didac"]
[Result "1-0"]
[WhiteElo "1760"]
[BlackElo "1379"]
[PlyCount "51"]
[EventDate "2024.01.11"]
[EventType "swiss"]
[EventRounds "9"]
[EventCountry "ESP"]
[SourceTitle "CB11_2024"]
[SourceDate "2024.03.13"]
[SourceVersion "1"]
[SourceVersionDate "2024.03.13"]
[SourceQuality "1"]

1. e4 c5 2. Nc3 a6 3. a4 g6 4. d4 cxd4 5. Qxd4 Nf6 6. Be3 Nc6 7. Qd2 Bg7 8. f3 0-0 9. Nge2 b6 10. Nf4 Bb7 11. Be2 e5 12. Nfd5 Nd4 13. Bd3 Nxd5 14. Nxd5 Rc8 15. 0-0 f5 16. Ra3 Rf7 17. c3 Bf8 18. cxd4 Bxa3 19. bxa3 Bxd5 20. exd5 exd4 21. Bxd4 d6 22. Bxa6 Ra8 23. Bb5 f4 24. Re1 Rf8 25. Bc3 Qh4 26. Qd4 1-0

[Event "Barcelona Sant Marti op-B 21st"]
[Site "Barcelona"]
[Date "2019.07.18"]
[Round "6"]
[White "Segador Sanchez, Didac"]
[Black "Hinarejos Montano, Andres"]
[Result "0-1"]
[WhiteElo "1380"]
[BlackElo "1605"]
[PlyCount "108"]
[EventDate "2019.07.13"]
[EventType "swiss"]
[EventRounds "9"]
[EventCountry "ESP"]
[SourceTitle "EXT 2020"]
[Source "ChessBase"]
[SourceDate "2019.10.17"]
[SourceVersion "1"]
[SourceVersionDate "2019.10.17"]
[SourceQuality "1"]

1. d4 d5 2. Nf3 e6 3. e3 Nf6 4. Bd3 Be7 5. b3 h6 6. Bb2 Bd7 7. Nbd2 Nc6 8. a3 0-0 9. 0-0 a6 10. Re1 b5 11. e4 Nxe4 12. Nxe4 dxe4 13. Bxe4 f5 14. Bxc6 Bxc6 15. Rxe6 Bd5 16. Re1 Bd6 17. Ne5 Qg5 18. f3 Rae8 19. Qe2 Re7 20. f4 Qf6 21. c4 bxc4 22. bxc4 Be4 23. c5 Bxe5 24. fxe5 Qg6 25. Qc4+ Kh7 26. Qe2 Bd5 27. Rad1 Kh8 28. h3 Re6 29. Rd2 Qf7 30. Qf2 Rg6 31. Qf4 Qe6 32. Ree2 Rb8 33. Bc1 Rb3 34. Re3 Rb1 35. Re1 Be4 36. Rf2 Qd5 37. Qd2 Rb3 38. Rxe4 Qxe4 39. Qf4 Qxf4 40. Bxf4 c6 41. Re2 Re6 42. Re3 Rxe3 43. Bxe3 g6 44. Kf2 h5 45. Bg5 Kg8 46. Ke3 Kf7 47. Bh4 Re8 48. Be1 Rb8 49. Bb4 Rb5 50. Kf4 a5 51. Kg5 axb4 52. axb4 Rxb4 53. e6+ Kxe6 54. Kxg6 h4 0-1

[Event "Barcelona Sant Marti op-B 21st"]
[Site "Barcelona"]
[Date "2019.07.14"]
[Round "2"]
[White "Segador Sanchez, Didac"]
[Black "Salazar Navas, Josep"]
[Result "0-1"]
[WhiteElo "1380"]
[BlackElo "1624"]
[PlyCount "139"]
[EventDate "2019.07.13"]
[EventType "swiss"]
[EventRounds "9"]
[EventCountry "ESP"]
[SourceTitle "EXT 2020"]
[Source "ChessBase"]
[SourceDate "2019.10.17"]
[SourceVersion "1"]
[SourceVersionDate "2019.10.17"]
[SourceQuality "1"]

1. d4 Nf6 2. Nf3 c5 3. e3 e6 4. Bd3 Nc6 5. a3 d5 6. b3 Qb6 7. Bb2 c4 8. Be2 Bd6 9. Nbd2 cxb3 10. cxb3 Ne4 11. Nxe4 dxe4 12. Nd2 Qa5 13. 0-0 Qc7 14. g3 f5 15. Bh5+ g6 16. Be2 0-0 17. Rc1 Qe7 18. Nc4 Bc7 19. Ne5 Bd7 20. Nxd7 Qxd7 21. Bb5 Rac8 22. Bxc6 bxc6 23. Rc2 Bb6 24. b4 Rfd8 25. Qc1 Qd5 26. Rc4 Rc7 27. Qc2 Rd6 28. Rc1 a5 29. bxa5 Qxa5 30. Ra4 Qd5 31. Ra8+ Rd8 32. Rxd8+ Qxd8 33. Qc4 Qd5 34. Kf1 c5 35. Qxd5 exd5 36. dxc5 Rxc5 37. Rxc5 Bxc5 38. Ke2 Kf7 39. Kd2 Ke6 40. a4 Kd7 41. Bc3 Kc6 42. Kc2 Kb7 43. Kb3 Ka6 44. Bd2 h5 45. Bb4 Bb6 46. Kc3 h4 47. Kd2 h3 48. Kc3 Ba5 49. Bxa5 Kxa5 50. Kd4 Kxa4 51. Kxd5 Kb3 52. Ke5 Kc3 53. Kf4 Kd3 54. g4 Ke2 55. gxf5 gxf5 56. Kxf5 Kf3 57. Ke5 Kg2 58. Kxe4 Kxh2 59. f4 Kg1 60. Ke5 h2 61. f5 h1Q 62. e4 Qh2+ 63. Kd5 Qc2 64. Ke5 Qh2+ 65. Kd5 Qh5 66. Ke5 Kf2 67. Ke6 Kg3 68. e5 Kf4 69. f6 Qxe5+ 70. Kf7 0-1

[Event "Barcelona La Lira op 12th"]
[Site "Barcelona"]
[Date "2019.05.09"]
[Round "5"]
[White "Segador Sanchez, Didac"]
[Black "Porta Chicote, David"]
[Result "0-1"]
[WhiteElo "1751"]
[BlackElo "1401"]
[PlyCount "62"]
[EventDate "2019.04.04"]
[EventType "swiss"]
[EventRounds "9"]
[EventCountry "ESP"]
[SourceTitle "CBM 190 Extra"]
[Source "ChessBase"]
[SourceDate "2019.07.15"]
[SourceVersion "1"]
[SourceVersionDate "2019.07.15"]
[SourceQuality "1"]

1. d4 d5 2. Bf4 Bf5 3. e3 e6 4. Bd3 Bg6 5. Nf3 Nc6 6. c3 Bd6 7. Bxd6 cxd6 8. Bxg6 hxg6 9. Nbd2 Nf6 10. Ng5 Qe7 11. Qc2 Ng4 12. Ndf3 e5 13. e4 Nf6 14. 0-0-0 0-0-0 15. h4 Kb8 16. Kb1 dxe4 17. Nxe4 Nxe4 18. Qxe4 f5 19. Qd5 Qf6 20. Ng5 Rd7 21. dxe5 Nxe5 22. f3 Rc8 23. Rd4 Nc6 24. Rf4 Qe5 25. Qd2 Re8 26. h5 gxh5 27. Rxh5 Qe1+ 28. Qxe1 Rxe1+ 29. Kc2 Re2+ 30. Kb3 Kc7 31. Rxf5 g6 0-1